[Event "CRO-ch U13"]
[Site "Trogir"]
[Date "2023.06.22"]
[Round "3"]
[White "Djikic, Filip"]
[Black "Buljic, Zvonimir"]
[Result "1-0"]
[WhiteElo "1410"]
[BlackElo "1358"]
[PlyCount "149"]
[EventDate "2023.06.21"]
[EventType "swiss"]
[EventRounds "9"]
[EventCountry "CRO"]
[SourceTitle "EXT 2024"]
[Source "ChessBase"]
[SourceDate "2023.10.10"]
[SourceVersion "1"]
[SourceVersionDate "2023.10.10"]
[SourceQuality "1"]

1. e4 e5 2. Nc3 Nc6 3. Bc4 Nf6 4. d3 Na5 5. Bb3 Bb4 6. a3 Nxb3 7. cxb3 Be7 8. f4 d6 9. Nf3 Ng4 10. h3 Bh4+ 11. Kd2 Nf2 12. Qf1 Nxh1 13. Qxh1 exf4 14. Kc2 Be6 15. Bxf4 Bf6 16. d4 g5 17. Be3 h6 18. Rd1 Qe7 19. e5 Bf5+ 20. Kc1 dxe5 21. dxe5 Bxe5 22. Nd5 Qe6 23. Nxe5 Qxe5 24. Bf4 gxf4 25. Re1 Qxe1+ 26. Qxe1+ Kd7 27. Qe7+ Kc6 28. Nb4+ Kb6 29. Qf6+ Be6 30. Qd4+ c5 31. Qd6+ Kb5 32. Nd3 b6 33. a4+ Ka5 34. Nxc5 Rhd8 35. Nb7+ Ka6 36. Nxd8 Rc8+ 37. Kd2 Bxb3 38. Nc6 Bxa4 39. Qd3+ Kb7 40. Nb4 Rc7 41. Qe4+ Kc8 42. Ke1 a5 43. Nd5 Rc1+ 44. Kf2 Rc2+ 45. Kg1 Rc1+ 46. Kh2 Bc6 47. Ne7+ Kb7 48. Nxc6 Rxc6 49. Qxf4 Ka6 50. Qxf7 b5 51. Qd5 Kb6 52. g4 a4 53. h4 Rc2+ 54. Kh3 b4 55. Qd4+ Kb5 56. Qd3+ Rc4 57. g5 hxg5 58. hxg5 Kc5 59. g6 a3 60. bxa3 Rc3 61. axb4+ Kxb4 62. Qxc3+ Kxc3 63. g7 Kd4 64. g8Q Ke4 65. Qd8 Ke5 66. Qd3 Kf4 67. Qe2 Kg5 68. Qf3 Kg6 69. Qf4 Kh5 70. Qg4+ Kh6 71. Kg3 Kh7 72. Kf4 Kh6 73. Kf5 Kh7 74. Kf6 Kh8 75. Qg7# 1-0

[Event "CRO-ch U11"]
[Site "Trogir"]
[Date "2022.06.25"]
[Round "6"]
[White "Buljic, Zvonimir"]
[Black "Dimac, Petar"]
[Result "1-0"]
[WhiteElo "1772"]
[BlackElo "1071"]
[PlyCount "113"]
[EventDate "2022.06.22"]
[EventType "swiss"]
[EventRounds "9"]
[EventCountry "CRO"]
[SourceTitle "CBM 209 Extra"]
[Source "ChessBase"]
[SourceDate "2022.09.30"]
[SourceVersion "1"]
[SourceVersionDate "2022.09.30"]
[SourceQuality "1"]

1. d4 d5 2. c4 e6 3. e3 Bb4+ 4. Nc3 Nf6 5. a3 Bxc3+ 6. bxc3 0-0 7. Nf3 Nc6 8. cxd5 exd5 9. c4 Bg4 10. h3 Be6 11. Qc2 h6 12. Bd3 Na5 13. cxd5 Bxd5 14. Rb1 Bxf3 15. gxf3 b6 16. Rg1 Kh8 17. Bb2 Re8 18. Ke2 Qd7 19. d5 Qxd5 20. Bxf6 gxf6 21. Be4 Rxe4 22. Qxe4 Qa2+ 23. Ke1 Rd8 24. Kf1 Qc4+ 25. Qxc4 Nxc4 26. Rc1 b5 27. a4 a6 28. axb5 axb5 29. Ke1 c5 30. Rd1 Rc8 31. Ke2 b4 32. Rb1 Na3 33. Rb3 Rb8 34. Rc1 c4 35. Rb2 Kg7 36. e4 c3 37. Rxc3 bxc3 38. Rxb8 c2 39. Kd2 Kg6 40. Ra8 Nc4+ 41. Kxc2 Ne5 42. Rg8+ Kh5 43. Rg3 Kh4 44. Kd1 h5 45. Ke2 f5 46. exf5 f6 47. Kf1 Nd3 48. Rg6 Kxh3 49. Rxf6 h4 50. Rg6 Kh2 51. f6 h3 52. Rg3 Ne5 53. f4 Nf7 54. Rg7 Kh1 55. Rxf7 h2 56. Ke1 Kg1 57. Rh7 1-0

[Event "CRO-ch U11"]
[Site "Trogir"]
[Date "2022.06.22"]
[Round "2"]
[White "Buljic, Zvonimir"]
[Black "Juranovic, Ljudevit"]
[Result "1/2-1/2"]
[WhiteElo "1772"]
[BlackElo "1551"]
[PlyCount "97"]
[EventDate "2022.06.22"]
[EventType "swiss"]
[EventRounds "9"]
[EventCountry "CRO"]
[SourceTitle "CBM 209 Extra"]
[Source "ChessBase"]
[SourceDate "2022.09.30"]
[SourceVersion "1"]
[SourceVersionDate "2022.09.30"]
[SourceQuality "1"]

1. d4 Nf6 2. c4 g6 3. Nc3 Bg7 4. b3 0-0 5. Nf3 d6 6. Bb2 Nbd7 7. e3 c5 8. Qd2 e6 9. Be2 a6 10. 0-0 Qc7 11. Na4 b6 12. Rad1 d5 13. dxc5 Nxc5 14. Bxf6 Ne4 15. Qd4 Bxf6 16. Qxb6 Qd7 17. Nc5 Nxc5 18. Qxc5 Bb7 19. e4 d4 20. e5 Bxf3 21. Bxf3 Rac8 22. Qxd4 Qxd4 23. Rxd4 Bxe5 24. Re4 Bg7 25. Re2 Rc7 26. Rd1 Bf6 27. g3 Rd8 28. Rxd8+ Bxd8 29. Rd2 Bf6 30. a4 a5 31. Rd6 Bc3 32. Kg2 Bb4 33. Rd3 Kf8 34. h4 Ke7 35. Be4 Rd7 36. Rxd7+ Kxd7 37. Kf3 Kd6 38. Ke3 Ba3 39. h5 Kc5 40. hxg6 hxg6 41. Kd3 Bb2 42. g4 g5 43. Bh7 Kb4 44. Kc2 Bd4 45. Bg8 Bxf2 46. Bxf7 e5 47. Bd5 Bg3 48. Bf3 Bf4 49. Bc6 1/2-1/2